[Event "Reims Echec et Mat-Metz Fischer II"]
[Site "Reims"]
[Date "2008.02.10"]
[Round "7.7"]
[White "Barnier, Christophe"]
[Black "Joly, Laurent"]
[Result "1/2-1/2"]
[WhiteElo "1906"]
[BlackElo "2038"]
[PlyCount "84"]
[EventDate "2008.02.10"]
[SourceDate "2007.10.27"]

1. d4 Nf6 2. Nf3 g6 3. g3 Bg7 4. Bg2 O-O 5. O-O d5 6. Nbd2 c6 7. c4 Bf5 8. Qb3
Qc7 9. Nh4 Be6 10. Qc2 Qb6 11. c5 Qd8 12. f4 Na6 13. a3 Nc7 14. e3 Bc8 15. b4
e6 16. Bb2 Ng4 17. Rfe1 Nh6 18. Rad1 f6 19. e4 dxe4 20. Nxe4 Nf7 21. Nf3 Nd5
22. Nfd2 Nc7 23. Nc4 Ne8 24. Qb3 f5 25. Nf2 Nc7 26. Ne5 Nd5 27. Nfd3 Kh8 28.
Nxf7+ Rxf7 29. Ne5 Bxe5 30. Rxe5 Bd7 31. Bxd5 exd5 32. Qe3 a5 33. Re1 axb4 34.
axb4 Kg8 35. Qb3 Rf8 36. Re7 Rf7 37. Rxf7 Kxf7 38. Re5 Qf6 39. b5 Re8 40. bxc6
Bxc6 41. Rxe8 Kxe8 42. Qe3+ Kd7 1/2-1/2

[Event "Reims Echec et Mat-Metz Fischer II"]
[Site "Reims"]
[Date "2008.02.10"]
[Round "7.8"]
[White "Lupfer, Anny"]
[Black "Desanlis, Anne Sophie"]
[Result "0-1"]
[WhiteElo "1746"]
[BlackElo "1904"]
[PlyCount "118"]
[EventDate "2008.02.10"]
[SourceDate "2007.10.27"]

1. d4 d5 2. Nf3 Nf6 3. Bf4 c5 4. c3 Nc6 5. e3 e6 6. a3 c4 7. b3 cxb3 8. Qxb3
Bd6 9. Bxd6 Qxd6 10. Be2 O-O 11. O-O Na5 12. Qb4 Qc7 13. Nbd2 Bd7 14. c4 dxc4
15. Nxc4 Nxc4 16. Bxc4 a5 17. Qb3 a4 18. Qd3 Rfc8 19. Ne5 Ng4 20. Nxg4 Qxc4 21.
Qxc4 Rxc4 22. Ne5 Rc7 23. Nxd7 Rxd7 24. Rfc1 g6 25. Rc3 b5 26. Kf1 Rb7 27. Ke2
Kf8 28. Kf3 Rab8 29. g4 b4 30. axb4 Rxb4 31. Rca3 Ra8 32. h4 Ke7 33. Kg3 Kd6
34. f4 Kc6 35. Rc1+ Kb6 36. Kf3 Rb3 37. Rxb3+ axb3 38. Rb1 Ra3 39. Ke4 Kb5 40.
f5 gxf5+ 41. gxf5 Kb4 42. fxe6 fxe6 43. Ke5 Ra6 44. e4 Kc3 45. d5 exd5 46. exd5
Kc2 47. Rf1 b2 48. d6 b1=Q 49. Rxb1 Kxb1 50. Ke6 h5 51. Ke7 Kc2 52. d7 Ra8 53.
d8=Q Rxd8 54. Kxd8 Kd3 55. Ke7 Ke3 56. Kf6 Kf4 57. Kg7 Kg4 58. Kg6 Kxh4 59. Kf6
Kg3 0-1

[Event "Mundolsheim-Strasbourg II"]
[Site "Mundolsheim"]
[Date "2008.02.10"]
[Round "7.1"]
[White "Anka, Emil"]
[Black "Horvath, Laszlo"]
[Result "1/2-1/2"]
[WhiteElo "2400"]
[BlackElo "2231"]
[PlyCount "61"]
[EventDate "2008.02.10"]
[SourceDate "2007.10.27"]

1. e4 Nf6 2. e5 Nd5 3. d4 d6 4. c4 Nb6 5. exd6 exd6 6. h3 Be7 7. Bd3 Nc6 8. Nf3
Nb4 9. Nc3 Nxd3+ 10. Qxd3 O-O 11. O-O Bf6 12. Be3 g6 13. b3 Bg7 14. Qd2 f6 15.
Bh6 Be6 16. d5 Bf7 17. Bxg7 Kxg7 18. Nd4 Qd7 19. f4 c5 20. dxc6 bxc6 21. f5 d5
22. c5 Nc8 23. Rae1 Ne7 24. Nce2 Rae8 25. Nf4 Nxf5 26. Nh5+ gxh5 27. Nxf5+ Kg8
28. Nh6+ Kg7 29. Nf5+ Kg8 30. Nh6+ Kg7 31. Nf5+ 1/2-1/2

[Event "Mundolsheim-Strasbourg II"]
[Site "Mundolsheim"]
[Date "2008.02.10"]
[Round "7.2"]
[White "Letzelter, Jean Claude"]
[Black "Peter, Sebastien"]
[Result "1-0"]
[WhiteElo "2182"]
[BlackElo "2279"]
[PlyCount "49"]
[EventDate "2008.02.10"]
[SourceDate "2007.10.27"]

1. e4 e6 2. d3 d5 3. Nd2 Nf6 4. f4 dxe4 5. dxe4 e5 6. f5 Bc5 7. Qf3 Nc6 8. c3
Qe7 9. b4 Bb6 10. a4 a5 11. b5 Nb8 12. g4 h5 13. g5 Ng4 14. Nc4 Bf2+ 15. Kd1
Bxg1 16. Rxg1 Nxh2 17. Qg3 Nxf1 18. Rxf1 Nd7 19. Ba3 Nc5 20. b6 cxb6 21. Nxb6
Qd6+ 22. Kc2 Qxb6 23. Qxe5+ Ne6 24. Rad1 Qc7 25. fxe6 1-0

[Event "Mundolsheim-Strasbourg II"]
[Site "Mundolsheim"]
[Date "2008.02.10"]
[Round "7.3"]
[White "Duchateau, Thomas"]
[Black "Schwicker, Francois"]
[Result "1/2-1/2"]
[WhiteElo "2133"]
[BlackElo "2213"]
[PlyCount "42"]
[EventDate "2008.02.10"]
[SourceDate "2007.10.27"]

1. d4 d5 2. c4 e6 3. Nc3 Be7 4. Nf3 Nf6 5. cxd5 exd5 6. Bg5 O-O 7. e3 c6 8. Bd3
Nbd7 9. Qc2 Re8 10. h3 Nf8 11. Bf4 Ng6 12. Bh2 Bd6 13. Bxd6 Qxd6 14. O-O Qe7
15. Rae1 Ne4 16. Nd2 Bf5 17. b3 Nxd2 18. Qxd2 Bxd3 19. Qxd3 Rad8 20. f4 Nf8 21.
Re2 Nd7 1/2-1/2

[Event "Mundolsheim-Strasbourg II"]
[Site "Mundolsheim"]
[Date "2008.02.10"]
[Round "7.4"]
[White "Ricter, Jean Paul"]
[Black "Hoffmann, Regis"]
[Result "1/2-1/2"]
[WhiteElo "2148"]
[BlackElo "2127"]
[PlyCount "98"]
[EventDate "2008.02.10"]
[SourceDate "2007.10.27"]

1. c4 e5 2. g3 Nc6 3. Bg2 f5 4. d3 Nf6 5. Nc3 Bc5 6. e3 d6 7. Nge2 Bb6 8. a3
O-O 9. b4 Qe8 10. Bb2 Kh8 11. Nd5 Nxd5 12. cxd5 Nd8 13. O-O Qh5 14. Nc3 Qh6 15.
Na4 f4 16. Nxb6 axb6 17. exf4 exf4 18. Bc1 Bh3 19. Bxf4 Rxf4 20. gxf4 Bxg2 21.
Kxg2 Nf7 22. Qg4 Qf6 23. Rae1 Nh6 24. Qg5 Qd4 25. Re7 Rf8 26. Rfe1 Rxf4 27. f3
Ng8 28. R7e4 Rxe4 29. dxe4 Qb2+ 30. Kg3 Nf6 31. Qe3 Nh5+ 32. Kh3 Qe5 33. Kg2
Nf4+ 34. Kh1 h6 35. Rd1 Kh7 36. Qd4 Qh5 37. Qe3 Qe5 38. Qf2 g5 39. Qd4 Qe7 40.
Rd2 Qd7 41. Rc2 Kg6 42. Qf2 Qa4 43. Qd2 Qxa3 44. Qc3 Qa6 45. Qc4 Qa1+ 46. Rc1
Qa3 47. Qc3 Qa2 48. Qc2 Qa3 49. Qc3 Qa2 1/2-1/2

[Event "Mundolsheim-Strasbourg II"]
[Site "Mundolsheim"]
[Date "2008.02.10"]
[Round "7.6"]
[White "Ouadi, Ali"]
[Black "Martin, Cedric"]
[Result "0-1"]
[WhiteElo "1919"]
[BlackElo "2102"]
[PlyCount "64"]
[EventDate "2008.02.10"]
[SourceDate "2007.10.27"]

1. d4 Nf6 2. c4 g6 3. Nc3 d5 4. cxd5 Nxd5 5. e4 Nxc3 6. bxc3 Bg7 7. Be3 c5 8.
Nf3 O-O 9. Rc1 Qa5 10. Qd2 cxd4 11. cxd4 Qxd2+ 12. Nxd2 Nc6 13. Nb3 Rd8 14. d5
Ne5 15. Be2 f5 16. f3 e6 17. Bg5 Rf8 18. f4 Nf7 19. Be7 fxe4 20. Bxf8 Kxf8 21.
dxe6 Bxe6 22. Bc4 Ke7 23. Bxe6 Kxe6 24. Nc5+ Kf5 25. Nxb7 Bd4 26. Rd1 Bb6 27.
g3 Rc8 28. a4 Rc2 29. a5 Bf2+ 30. Kf1 Kg4 31. Rb1 Kf3 32. Rd1 e3 0-1

[Event "Mundolsheim-Strasbourg II"]
[Site "Mundolsheim"]
[Date "2008.02.10"]
[Round "7.7"]
[White "Martin, Tristan"]
[Black "Roos, Louise"]
[Result "1-0"]
[WhiteElo "1924"]
[BlackElo "1931"]
[PlyCount "73"]
[EventDate "2008.02.10"]
[SourceDate "2007.10.27"]

1. e4 c5 2. Nf3 d6 3. d4 cxd4 4. Nxd4 Nf6 5. Nc3 Nc6 6. Be2 e5 7. Nb3 Be7 8.
O-O Be6 9. f4 O-O 10. f5 Bxb3 11. axb3 Nb4 12. Bf3 Qc7 13. Be3 Rfd8 14. Rf2 b6
15. Rd2 Qd7 16. g4 Rac8 17. Ra4 Nc6 18. Qe1 Qb7 19. Qg3 b5 20. Ra1 Rd7 21. g5
Ne8 22. f6 Bd8 23. Bg4 Rdc7 24. Bxc8 Rxc8 25. fxg7 a5 26. Nd5 a4 27. b4 Ne7 28.
Nf6+ Nxf6 29. gxf6 Ng6 30. Rxd6 Qxe4 31. c3 Nf4 32. Bxf4 exf4 33. Re1 fxg3 34.
Rxe4 gxh2+ 35. Kg2 Bc7 36. Rd7 h5 37. Rxc7 1-0

[Event "Mundolsheim-Strasbourg II"]
[Site "Mundolsheim"]
[Date "2008.02.10"]
[Round "7.8"]
[White "Mametov, Bakhitiar"]
[Black "Bodlenner, Camille"]
[Result "1-0"]
[WhiteElo "1892"]
[BlackElo "1882"]
[PlyCount "127"]
[EventDate "2008.02.10"]
[SourceDate "2007.10.27"]

1. Nf3 c5 2. b3 d5 3. Bb2 Nc6 4. e3 Nf6 5. Bb5 Bd7 6. O-O e6 7. d3 Be7 8. Nbd2
O-O 9. Bxc6 Bxc6 10. Ne5 Qc7 11. f4 Rac8 12. Rf3 b5 13. Rh3 Qb7 14. Ndf3 c4 15.
Ng5 h6 16. Ngf3 Ne8 17. Nd4 Bd7 18. Qg4 Nf6 19. Qg3 Kh7 20. Rf1 c3 21. Bc1 Bc5
22. Ndf3 Be8 23. Ng5+ Kh8 24. Rh4 Rg8 25. Qh3 Nh7 26. Ng4 Bf8 27. Rf3 Qe7 28.
Nxh7 Kxh7 29. f5 exf5 30. Rxf5 Qe6 31. Re5 Qd7 32. Rxd5 Qe6 33. e4 Rc6 34. Re5
Qc8 35. Rxb5 Bd7 36. Qf3 Rg6 37. Rg5 Bxg4 38. Rgxg4 Rf6 39. Rf4 Bc5+ 40. Kf1
Rxf4 41. Rxf4 f6 42. h4 Qd7 43. h5 Qd4 44. Qf2 Qxf2+ 45. Rxf2 Bxf2 46. Kxf2 Rc8
47. Be3 Kg8 48. a4 a6 49. b4 Rb8 50. Bc5 Kf7 51. d4 Ke6 52. Ke3 Kd7 53. Kf4 Ke8
54. Kf5 Kf7 55. d5 Rc8 56. a5 Rd8 57. d6 Rd7 58. e5 fxe5 59. Kxe5 Ke8 60. Ke6
Rf7 61. Bd4 Rd7 62. Bxc3 Rb7 63. Bd4 Rxb4 64. d7+ 1-0

[Event "Epinal-Vandoeuvre II"]
[Site "Epinal"]
[Date "2008.02.10"]
[Round "7.1"]
[White "Bastian, Herbert"]
[Black "Iglesias, Joachim"]
[Result "1/2-1/2"]
[WhiteElo "2385"]
[BlackElo "2168"]
[PlyCount "100"]
[EventDate "2008.02.10"]
[SourceDate "2007.10.27"]

1. e4 c5 2. Nc3 Nc6 3. g3 g6 4. Bg2 Bg7 5. d3 Rb8 6. f4 e6 7. e5 d5 8. exd6 Nf6
9. Ne4 Nxe4 10. dxe4 e5 11. Nf3 O-O 12. O-O b6 13. c3 Re8 14. f5 Bf8 15. Ng5
Rb7 16. fxg6 hxg6 17. Qd5 Qxd6 18. Nxf7 Qxd5 19. exd5 Rxf7 20. Rxf7 Kxf7 21.
dxc6 Be6 22. Bg5 Be7 23. Rf1+ Kg7 24. Bxe7 Rxe7 25. b3 c4 26. b4 Bf5 27. Re1 b5
28. Kf2 Kf6 29. Ke3 Rh7 30. h4 Ke6 31. Rd1 Bd3 32. Be4 Rc7 33. g4 Kf6 34. Rd2
Bxe4 35. Kxe4 Rxc6 36. g5+ Ke7 37. Rd5 Ra6 38. Rxe5+ Kd6 39. Rxb5 Rxa2 40. Ra5
Rh2 41. Ra6+ Kc7 42. Rxa7+ Kb6 43. Rg7 Rxh4+ 44. Kd5 Kb5 45. Rxg6 Rh3 46. Rg8
Rxc3 47. g6 Rd3+ 48. Ke6 Kxb4 49. g7 Rg3 50. Rb8+ Ka3 1/2-1/2

[Event "Epinal-Vandoeuvre II"]
[Site "Epinal"]
[Date "2008.02.10"]
[Round "7.2"]
[White "Steil Antoni, Fiona"]
[Black "Salihu, Sami"]
[Result "0-1"]
[WhiteElo "2122"]
[BlackElo "2217"]
[PlyCount "112"]
[EventDate "2008.02.10"]
[SourceDate "2007.10.27"]

1. e4 c5 2. Nc3 Nc6 3. f4 e6 4. Nf3 d5 5. Bb5 d4 6. Bxc6+ bxc6 7. Ne2 d3 8.
cxd3 Qxd3 9. Nc3 Ba6 10. Qe2 Nf6 11. Qe3 Rc8 12. Ne5 Qxe3+ 13. dxe3 Bd6 14. Nf3
Bc7 15. e5 Nd5 16. Ne4 Nb4 17. Nxc5 Bb5 18. Kf2 Bb6 19. Ne4 Nd3+ 20. Kg3 Ke7
21. b3 Nxc1 22. Raxc1 Bxe3 23. Rc3 Bb6 24. Nd6 Rb8 25. a4 Ba5 26. Rc2 Bd3 27.
Rxc6 Rxb3 28. Rhc1 Rd8 29. Rc8 Be2 30. Rxd8 Bxd8 31. Nc8+ Kd7 32. Nxa7 Ra3 33.
Rc2 Bxf3 34. gxf3 Rxa4 35. Rd2+ Ke8 36. Nb5 Ba5 37. Nd6+ Kf8 38. Rc2 Be1+ 39.
Kg4 f5+ 40. Kg5 Ra8 41. Rc7 Ba5 42. Rf7+ Kg8 43. Kh5 Bd2 44. Re7 Bxf4 45. Rxe6
g6+ 46. Kh4 Kg7 47. Re7+ Kf8 48. Rxh7 Ra2 49. h3 Rg2 50. Rf7+ Kg8 51. Rxf5 gxf5
52. Nxf5 Bxe5 53. Nh6+ Kg7 54. Ng4 Bf6+ 55. Kh5 Rg3 56. Ne3 Rg5+ 0-1

[Event "Epinal-Vandoeuvre II"]
[Site "Epinal"]
[Date "2008.02.10"]
[Round "7.3"]
[White "Adrian, Claude"]
[Black "Bauer, Laurent"]
[Result "1-0"]
[WhiteElo "2285"]
[BlackElo "2069"]
[PlyCount "60"]
[EventDate "2008.02.10"]
[SourceDate "2007.10.27"]

1. c4 Nf6 2. Nc3 c5 3. Nf3 d5 4. cxd5 Nxd5 5. d4 e6 6. e4 Nxc3 7. bxc3 cxd4 8.
cxd4 Bb4+ 9. Bd2 Qa5 10. Bc4 b5 11. Bb3 Bxd2+ 12. Qxd2 Qxd2+ 13. Kxd2 Bb7 14.
Rac1 O-O 15. Ke3 Nc6 16. Rc5 a6 17. Rhc1 Na5 18. Ne5 Rfc8 19. Rxc8+ Rxc8 20.
Rxc8+ Bxc8 21. d5 exd5 22. Bxd5 Be6 23. Kd4 Kf8 24. Bxe6 fxe6 25. Kc5 g5 26.
Kd6 b4 27. Kxe6 b3 28. axb3 Nxb3 29. Nd7+ Kg7 30. Ke7 a5 {suite illisible} 1-0

[Event "Epinal-Vandoeuvre II"]
[Site "Epinal"]
[Date "2008.02.10"]
[Round "7.4"]
[White "Goerens, Jean Paul"]
[Black "Spielmann, Alain"]
[Result "0-1"]
[WhiteElo "2019"]
[BlackElo "2279"]
[PlyCount "64"]
[EventDate "2008.02.10"]
[SourceDate "2007.10.27"]

1. e4 d6 2. Nc3 g6 3. g3 Bg7 4. Bg2 e5 5. d3 Ne7 6. Nge2 O-O 7. O-O c5 8. f4
Nbc6 9. Nd5 Nxd5 10. exd5 Nd4 11. Nxd4 cxd4 12. Bd2 Bd7 13. c4 dxc3 14. bxc3
exf4 15. Bxf4 Bxc3 16. Rb1 b5 17. d4 Qb6 18. Be3 Rae8 19. Bf2 b4 20. a3 Bb5 21.
axb4 Bxf1 22. Bxf1 Re7 23. b5 Rfe8 24. Rc1 Be1 25. Rc6 Qa5 26. Rxd6 Bxf2+ 27.
Kxf2 Re1 28. Qd3 Qa2+ 29. Kg1 R8e3 30. Ra6 Qxd5 31. Qd2 Rxf1+ 32. Kxf1 Qf3+ 0-1

[Event "Epinal-Vandoeuvre II"]
[Site "Epinal"]
[Date "2008.02.10"]
[Round "7.5"]
[White "Cordier, Arnaud"]
[Black "Boyarchenko, Alexander"]
[Result "1-0"]
[WhiteElo "2144"]
[BlackElo "1943"]
[PlyCount "81"]
[EventDate "2008.02.10"]
[SourceDate "2007.10.27"]

1. Nf3 Nf6 2. c4 c6 3. d4 d5 4. Nc3 e6 5. Bg5 Nbd7 6. e3 Bb4 7. Qc2 Qa5 8. Nd2
Ne4 9. Ndxe4 dxe4 10. Bf4 O-O 11. Be2 e5 12. dxe5 Nxe5 13. Rc1 Bf5 14. a3 Bxc3+
15. Qxc3 Qxc3+ 16. Rxc3 Ng6 17. Bd6 Rfd8 18. c5 Nf8 19. f4 Nd7 20. g4 Be6 21.
g5 f6 22. h4 a5 23. Rc1 Kf7 24. Kf2 Nf8 25. Rhg1 Ng6 26. h5 Ne7 27. gxf6 Nf5
28. fxg7 Nxd6 29. cxd6 Rxd6 30. h6 Bf5 31. Rc5 Be6 32. Rcg5 Kg8 33. Rd1 Rxd1
34. Bxd1 b5 35. Re5 Kf7 36. Bh5+ Kf6 37. Rxe4 Bf7 38. Bxf7 Kxf7 39. Re5 Rd8 40.
Rc5 Rd6 41. Rf5+ 1-0

[Event "Epinal-Vandoeuvre II"]
[Site "Epinal"]
[Date "2008.02.10"]
[Round "7.7"]
[White "Grenouilloux, Alain"]
[Black "Bertrand, Quentin"]
[Result "1-0"]
[WhiteElo "2117"]
[BlackElo "1814"]
[PlyCount "53"]
[EventDate "2008.02.10"]
[SourceDate "2007.10.27"]

1. d4 f5 2. c4 Nf6 3. Nc3 d6 4. Nf3 g6 5. g3 Bg7 6. Bg2 O-O 7. O-O Qe8 8. b3 e5
9. dxe5 dxe5 10. e4 f4 11. Nd5 Na6 12. Ba3 Rf7 13. Ng5 Rd7 14. Bh3 Rxd5 15.
exd5 Bxh3 16. Nxh3 h6 17. gxf4 Qd7 18. fxe5 Qxh3 19. exf6 Bxf6 20. Qe2 Bxa1 21.
Rxa1 Qd7 22. Re1 Rd8 23. Qe4 Qf7 24. Re3 Rd7 25. Rf3 Qg7 26. Qe6+ Kh7 27. Kg2
1-0

[Event "Epinal-Vandoeuvre II"]
[Site "Epinal"]
[Date "2008.02.10"]
[Round "7.8"]
[White "Mangean, Marianne"]
[Black "Baujard, Anne"]
[Result "0-1"]
[WhiteElo "1430"]
[BlackElo "1927"]
[PlyCount "104"]
[EventDate "2008.02.10"]
[SourceDate "2007.10.27"]

1. d4 g6 2. Nf3 Bg7 3. c3 c5 4. Bf4 Nf6 5. e3 O-O 6. Bd3 d6 7. Nbd2 a6 8. Qc2
b5 9. dxc5 dxc5 10. Ne4 Nbd7 11. Rd1 Qb6 12. c4 Bb7 13. b3 Nxe4 14. Bxe4 Qa5+
15. Nd2 Bxe4 16. Qxe4 e5 17. Bg5 Qxa2 18. Ke2 Qa5 19. Qd5 Qc7 20. Ne4 Nb6 21.
Qd6 Ra7 22. Nf6+ Kh8 23. Ne4 bxc4 24. bxc4 Nxc4 25. Qxc5 Qxc5 26. Nxc5 Rc8 27.
Rd7 Rxd7 28. Nxd7 Nd6 29. Rb1 h6 30. Bf6 Bxf6 31. Nxf6 Nb5 32. Kf3 Kg7 33. Ne4
f5 34. Ng3 Kf6 35. Nf1 Rc6 36. Ra1 Nc7 37. Nd2 Nd5 38. Nb3 Nb4 39. Na5 Rc2 40.
Nb7 Ra2 41. Rd1 e4+ 42. Kg3 Nd3 43. Rf1 a5 44. f3 Ke5 45. f4+ Kd5 46. Rb1 Rb2
47. Ra1 Rxb7 48. Rxa5+ Kc6 49. Ra6+ Rb6 50. Ra8 Kc5 51. Rg8 Rc6 52. Kh4 Ne1 0-1

[Event "Obernai-Besancon TPG II"]
[Site "Besancon"]
[Date "2008.02.10"]
[Round "7.1"]
[White "Dittmar, Peter"]
[Black "Naudier, Serge"]
[Result "1-0"]
[WhiteElo "2329"]
[BlackElo "2266"]
[PlyCount "141"]
[EventDate "2008.02.10"]
[SourceDate "2007.10.27"]

1. c4 e6 2. Nf3 d5 3. g3 c5 4. Bg2 Nc6 5. cxd5 exd5 6. d4 c4 7. O-O Bb4 8. b3
cxb3 9. Qxb3 Nge7 10. Bg5 f6 11. Bd2 Bxd2 12. Nbxd2 O-O 13. Rfc1 Rb8 14. a4 Be6
15. e3 Bf7 16. Ne1 Nf5 17. Rc5 Nfe7 18. Rac1 Qd6 19. Nd3 g5 20. Qa2 Kg7 21. Qb2
Bg6 22. R5c3 Bf7 23. Qb5 Be8 24. Qc5 Qxc5 25. Nxc5 Rh8 26. Ndb3 Nb4 27. Ra1 b6
28. Nd3 Nxd3 29. Rxd3 Rc8 30. Bh3 Bg6 31. Bxc8 Bxd3 32. Bd7 Rd8 33. Bb5 Bc2 34.
Nd2 Rc8 35. Ba6 Rc6 36. Bb7 Rc7 37. Rc1 Rxb7 38. Rxc2 Kf7 39. Nb3 Ke6 40. a5
Kd6 41. axb6 Rxb6 42. Nc5 a5 43. Kg2 Nc6 44. g4 Nb4 45. Rc3 Rb8 46. Ra3 Nc6 47.
Ra1 Ra8 48. Kg3 Kc7 49. h4 gxh4+ 50. Kxh4 Nb4 51. Rc1 Nc6 52. Na4 Ra7 53. Rc5
Kd6 54. Nc3 Rb7 55. Rxd5+ Ke7 56. Rc5 Kd7 57. d5 Ne5 58. Rxa5 Rb2 59. Kg3 Nxg4
60. Ra7+ Kd6 61. Kxg4 f5+ 62. Kf3 Rc2 63. Ra6+ Kc5 64. Rc6+ Kb4 65. Ne2 Ra2 66.
d6 Ra7 67. Rc7 Ra6 68. d7 Rd6 69. Nd4 Ka5 70. Kf4 Kb6 71. Rc6+ 1-0

[Event "Obernai-Besancon TPG II"]
[Site "Besancon"]
[Date "2008.02.10"]
[Round "7.2"]
[White "Frederic, Clement"]
[Black "Stahl, Clement"]
[Result "1-0"]
[WhiteElo "2204"]
[BlackElo "2050"]
[PlyCount "53"]
[EventDate "2008.02.10"]
[SourceDate "2007.10.27"]

1. e4 c5 2. Nf3 d6 3. d4 cxd4 4. Nxd4 Nf6 5. Nc3 g6 6. Be3 Bg7 7. f3 O-O 8. Qd2
Nc6 9. Bc4 Bd7 10. O-O-O Rc8 11. Bb3 Nxd4 12. Bxd4 b5 13. Nd5 Nxd5 14. Bxg7
Kxg7 15. exd5 a5 16. a3 Qc7 17. h4 h5 18. g4 hxg4 19. h5 f6 20. Rde1 Bf5 21.
fxg4 Bxg4 22. Reg1 Bf5 23. hxg6 Rh8 24. Rh7+ Rxh7 25. gxh7+ Kf7 26. Qh6 a4 27.
Qh5+ 1-0

[Event "Obernai-Besancon TPG II"]
[Site "Besancon"]
[Date "2008.02.10"]
[Round "7.3"]
[White "Grandidier, Raphael"]
[Black "Poignot, Quentin"]
[Result "0-1"]
[WhiteElo "2090"]
[BlackElo "2046"]
[PlyCount "81"]
[EventDate "2008.02.10"]
[SourceDate "2007.10.27"]

1. e4 c5 2. Nf3 d6 3. Bb5+ Bd7 4. Bxd7+ Qxd7 5. O-O Nf6 6. e5 dxe5 7. Nxe5 Qc7
8. Re1 Nc6 9. f4 g6 10. Nc3 a6 11. d3 Bg7 12. Qf3 Nd4 13. Qf2 O-O 14. Be3 Rad8
15. Rad1 e6 16. h3 Nd7 17. Nf3 Nb8 18. Ne4 b6 19. c3 Nf5 20. Bc1 Nc6 21. g4
Nfe7 22. Rf1 Nd5 23. Qg3 Nf6 24. Nfg5 Nxe4 25. dxe4 Rxd1 26. Rxd1 Rd8 27. Qe1
h6 28. Nf3 b5 29. Kg2 b4 30. cxb4 Nxb4 31. Rxd8+ Qxd8 32. a3 Nd3 33. Qd2 c4 34.
Ne1 Qd4 35. Nxd3 Qxe4+ 36. Kg3 cxd3 37. b3 Qd5 38. Qb4 e5 39. Be3 exf4+ 40.
Bxf4 Be5 41. Bxe5 0-1

[Event "Obernai-Besancon TPG II"]
[Site "Besancon"]
[Date "2008.02.10"]
[Round "7.4"]
[White "Coulon, Maxcellend"]
[Black "Wimmer, Olivier"]
[Result "0-1"]
[WhiteElo "2042"]
[BlackElo "2081"]
[PlyCount "68"]
[EventDate "2008.02.10"]
[SourceDate "2007.10.27"]

1. e4 d6 2. d4 Nd7 3. Nf3 e5 4. Bc4 Be7 5. Nc3 c6 6. a4 Ngf6 7. Qe2 O-O 8. Ba2
Rb8 9. O-O b6 10. h3 a6 11. Bg5 b5 12. axb5 axb5 13. Bd2 Qc7 14. b4 Nb6 15. d5
cxd5 16. Nxb5 Qxc2 17. exd5 Nbxd5 18. Rfc1 Qf5 19. Bc4 Bb7 20. Ra3 Nb6 21. Nh4
Qd7 22. Ba2 Rfc8 23. Rg3 Ne4 24. Bxf7+ Kxf7 25. Qh5+ Kg8 26. Rxg7+ Kxg7 27.
Bh6+ Kg8 28. Nc7 Bxh4 29. Qxh4 Rxc7 30. Re1 Qf5 31. f3 Nf6 32. Bg5 Rg7 33. Bxf6
Rxg2+ 34. Kh1 Qxf3 0-1

[Event "Obernai-Besancon TPG II"]
[Site "Besancon"]
[Date "2008.02.10"]
[Round "7.5"]
[White "Brunstein, Sandrine"]
[Black "Py, Bernard"]
[Result "1-0"]
[WhiteElo "2076"]
[BlackElo "1980"]
[PlyCount "57"]
[EventDate "2008.02.10"]
[SourceDate "2007.10.27"]

1. e4 c5 2. Nf3 d6 3. c3 Nf6 4. Bb5+ Bd7 5. Bxd7+ Nbxd7 6. Qe2 Qc7 7. O-O e6 8.
d4 Be7 9. Nbd2 O-O 10. Rd1 Rac8 11. Nf1 cxd4 12. Nxd4 a6 13. Ng3 d5 14. exd5
Nxd5 15. Nxe6 Nxc3 16. bxc3 Qc6 17. Nxf8 Bxf8 18. Be3 Nf6 19. Bd4 Re8 20. Qf3
Qxf3 21. gxf3 Nd5 22. c4 Nf4 23. Be3 Ne6 24. Rab1 Re7 25. c5 g6 26. Rb6 Rc7 27.
Ne4 Kg7 28. Nd6 Nxc5 29. Ne8+ 1-0

[Event "Obernai-Besancon TPG II"]
[Site "Besancon"]
[Date "2008.02.10"]
[Round "7.6"]
[White "Pellaton, Bernard"]
[Black "Remaitre, Alexandre"]
[Result "1/2-1/2"]
[WhiteElo "2062"]
[BlackElo "2043"]
[PlyCount "52"]
[EventDate "2008.02.10"]
[SourceDate "2007.10.27"]

1. Nf3 Nf6 2. d4 e6 3. c4 b6 4. g3 Bb7 5. Bg2 Be7 6. O-O O-O 7. Nc3 c5 8. d5
exd5 9. cxd5 d6 10. a4 a6 11. Nh4 Re8 12. Nf5 Bf8 13. Re1 Bc8 14. Ne3 Nbd7 15.
Nc4 Rb8 16. Na3 Ne5 17. f4 Ng6 18. e4 h5 19. h3 Bd7 20. Nc4 b5 21. axb5 axb5
22. f5 Nh4 23. gxh4 bxc4 24. Re2 Nh7 25. Ra7 Bc8 26. Qa4 Rb4 1/2-1/2

[Event "Obernai-Besancon TPG II"]
[Site "Besancon"]
[Date "2008.02.10"]
[Round "7.7"]
[White "Riotte, Christian"]
[Black "Jeannerot, Lea"]
[Result "0-1"]
[WhiteElo "2035"]
[BlackElo "1956"]
[PlyCount "78"]
[EventDate "2008.02.10"]
[SourceDate "2007.10.27"]

1. d4 d5 2. c4 e6 3. Nc3 Nf6 4. Bg5 Nbd7 5. Nf3 c6 6. e3 Qa5 7. Bxf6 Nxf6 8. c5
g6 9. Bd3 Bg7 10. O-O O-O 11. Ne5 Qc7 12. b4 Nd7 13. f4 Nxe5 14. fxe5 f6 15.
exf6 Bxf6 16. Ne2 e5 17. h3 Bd7 18. Qb3 exd4 19. e4 Qe5 20. exd5 cxd5 21. Rae1
Bh4 22. Rd1 Rae8 23. Kh1 Kg7 24. Ng1 Bg3 25. Nf3 Qh5 26. Ng1 Rf2 27. Rxf2 Bxf2
28. Qc2 Bxg1 29. Kxg1 Re3 30. Bf1 Qe5 31. Qd2 Re4 32. b5 Qg3 33. Qd3 Qe3+ 34.
Qxe3 dxe3 35. Be2 d4 36. Bf3 e2 37. Re1 d3 38. c6 bxc6 39. bxc6 d2 0-1

[Event "Obernai-Besancon TPG II"]
[Site "Besancon"]
[Date "2008.02.10"]
[Round "7.8"]
[White "Blardone, Daniel"]
[Black "Krauss, Bernard"]
[Result "1/2-1/2"]
[WhiteElo "1957"]
[BlackElo "1937"]
[PlyCount "62"]
[EventDate "2008.02.10"]
[SourceDate "2007.10.27"]

1. e4 c5 2. c3 d5 3. exd5 Qxd5 4. d4 Nf6 5. Nf3 Bg4 6. Be2 e6 7. O-O Be7 8. c4
Qd8 9. dxc5 O-O 10. Be3 Ne4 11. h3 Bh5 12. Re1 Nc6 13. Nbd2 Nxc5 14. Bxc5 Bxc5
15. Ne4 Bxf3 16. Bxf3 Bd4 17. Qb3 Ne5 18. Rad1 Nxf3+ 19. Qxf3 e5 20. Nc3 Qa5
21. Qxb7 Rab8 22. Qf3 Rxb2 23. Ne2 Bc5 24. Qd5 Qb6 25. Qf3 e4 26. Qg3 f5 27.
Rd7 g6 28. Qe5 Rf6 29. Qd5+ Kh8 30. Qe5 Bxf2+ 31. Kh1 Bc5 {suite illisible}
1/2-1/2

[Event "Bischwiller II-Saverne"]
[Site "Bischwiller"]
[Date "2008.02.10"]
[Round "7.1"]
[White "Saatdjian, Thomas"]
[Black "Lanka, Zigurds"]
[Result "1/2-1/2"]
[WhiteElo "2320"]
[BlackElo "2475"]
[PlyCount "120"]
[EventDate "2008.02.10"]
[SourceDate "2007.10.27"]

1. Nf3 Nf6 2. c4 g6 3. Nc3 Bg7 4. e4 d6 5. d4 O-O 6. Be2 e5 7. Be3 Ng4 8. Bg5
f6 9. Bh4 Nc6 10. d5 Ne7 11. Nd2 Nh6 12. f3 g5 13. Bf2 f5 14. h3 Ng6 15. g4
fxg4 16. hxg4 Nh4 17. Rh2 Nf7 18. Qc2 Nh8 19. O-O-O N8g6 20. Rdh1 c5 21. dxc6
bxc6 22. c5 Be6 23. cxd6 Qxd6 24. Nc4 Bxc4 25. Bxc4+ Kh8 26. Be2 Qf6 27. Nd1
Rfb8 28. Ne3 Rb7 29. Nf5 Rab8 30. b3 a5 31. Ba6 Rd7 32. Rd1 Rxd1+ 33. Qxd1 Rd8
34. Qh1 a4 35. Bc4 Bf8 36. Be3 axb3 37. Bxb3 Nf4 38. Rd2 Bb4 39. Rxd8+ Qxd8 40.
Qd1 Ba3+ 41. Kc2 Qxd1+ 42. Kxd1 Nxf3 43. Bb6 h5 44. gxh5 Nxh5 45. Ke2 g4 46.
Nh6 Ng3+ 47. Kf2 Nxe4+ 48. Kg2 Nh4+ 49. Kh2 g3+ 50. Kh3 Ng6 51. Bc2 Nf4+ 52.
Kg4 Nd6 53. Kxg3 Nd5 54. Bg1 c5 55. Kf3 Ne7 56. Bh2 Bb2 57. Ng4 Nf7 58. a4 c4
59. a5 Bd4 60. a6 Kg8 1/2-1/2

[Event "Bischwiller II-Saverne"]
[Site "Bischwiller"]
[Date "2008.02.10"]
[Round "7.2"]
[White "Schlupp, Olivier"]
[Black "Genzling, Alain"]
[Result "0-1"]
[WhiteElo "2142"]
[BlackElo "2264"]
[PlyCount "114"]
[EventDate "2008.02.10"]
[SourceDate "2007.10.27"]

1. e4 c5 2. Nc3 Nc6 3. g3 g6 4. Bg2 Bg7 5. d3 d6 6. Be3 e6 7. Qd2 Nge7 8. Bh6
O-O 9. h4 f6 10. Bxg7 Kxg7 11. h5 g5 12. h6+ Kh8 13. f4 g4 14. O-O-O Qa5 15.
Rh4 Rg8 16. Kb1 Nd4 17. f5 e5 18. Rf1 Nb5 19. Nge2 d5 20. Qd1 d4 21. Nxb5 Qxb5
22. Nc1 Bd7 23. Rxg4 Rxg4 24. Qxg4 Rg8 25. Qh4 Rg5 26. Nb3 c4 27. dxc4 Qxc4 28.
Nc1 Qf7 29. Bf3 Bb5 30. Rd1 Nc6 31. g4 Kg8 32. Qf2 Qf8 33. Rh1 Nd8 34. Qd2 Nf7
35. Rh4 b6 36. Nd3 a5 37. Rh1 Kh8 38. Bd1 Rg8 39. Nf2 Ng5 40. Be2 Bc6 41. Bd3
Qa8 42. Qe2 b5 43. Rc1 b4 44. Ka1 Rc8 45. Re1 a4 46. Nh1 a3 47. b3 Qa5 48. Ng3
Qc5 49. Bc4 Bb5 50. Nh5 Rc6 51. Kb1 Bxc4 52. bxc4 Kg8 53. Qd2 Nf3 54. Qc1 Qxc4
55. Nxf6+ Rxf6 56. Rg1 d3 57. Rg3 d2 0-1